000 01206nam a22003737a 4500
001 000673
003 DO-SdBNP
005 20260318122332.0
007 000673
008 161110b 2004 mx a ||||| |||| 00| 0 spa d
020 _a9789681907464
040 _aBPMSU
_bspa
_cBPMSU
082 0 4 _a843.91
_bU57r 2008
_222
100 1 _aUngerer, Tomi,
_d1931-
_eautor
_4aut.
245 1 0 _aRufus /
_cTomi Ungerer ; traducción de Pablo Lizcano.
250 _a
260 _c
264 _aMaéxico :
_bAlfaguara,
_c2008.
300 _a33 páginas sin numerar :
_bilustrración ;
_c19 cm.
336 _atexto
_btxt
_2rdacontent
337 _asin mediación
_bn
_2rdamedia
338 _avolumen
_bnc
_2rdacarrier
490 0 _aInfantil Alfaguara ;
_aAmarilla
500 _aSegunda reimpresión: enero de 2008
500 _aIncluye datos biográficos del autor
500 _aA partir de 6 años.
590 _aInventariado, 2026/VM
650 7 _aCuentos infantiles franceses.
650 7 _aLibros ilustrados para niños.
650 7 _aMurciélagos
_vCuentos infantiles.
700 1 _aLizcano, Pablo,
_etraductor
910 _aVMateo V. Control de calidad. BPMSU
942 _2ddc
_cBK
999 _c11882
_d11882